Une date, quelques indices = le drapeau d'un pays (2) - Statistiques

Statistiques générales
  • Ce quiz a été pris 22 fois
  • Le résultat moyen est 17 sur 28
Statistiques - réponses
Création Description Réponse % Correct
1902 Ce drapeau porte l'Union Jack dans un angle. Sur le fond bleu, 4 étoiles rouges à 5 branches représentent 4 des étoiles de la constellation de la Croix du sud Nouvelle-Zélande
93%
1944 Adopté le jour où le pays est devenu une république. Il comporte une croix scandinave rouge bordée de blanc sur fond bleu. Islande
87%
1915 Entièrement rouge du XVIIe siècle à 1915, il est frappé depuis en son centre d'un pentagramme vert. Maroc
87%
1919 Deux bandes horizontales égales, l'une rouge, l'autre blanche forment ce drapeau. Il peut être confondu avec un drapeau asiatique et un drapeau européens qui sont proches... Pologne
87%
1906 Sans doute un des drapeaux les plus connus du monde, il se compose d'une croix scandinave jaune sur fond bleu. Suède
87%
1909 Un des nombreux drapeaux portant l'Union Jack. Sous celui-ci, une étoile à huit branches représente les six états et les deux territoires du pays. L'autre moitié est ornée de la constellation de la Croix du sud rappelant l'hémisphère sud Australie
80%
1919 Sa disposition est inspirée du drapeau français. Ses couleurs symbolisent le mouvement catholique de libération nationale (vert), la paix désirée entre les communautés (blanc) et la famille d'Orange. Irlande
80%
1928 Ce drapeau reprend les couleurs panarabes. Le rouge est en triangle à la hampe, les autres en bandes horizontales égales. S'ajoute, sur le rouge, une étoile à sept branches représentant les sept versets de la première sourate du Coran. Jordanie
80%
1926 D'une seule couleur, il est orné d'une arme blanche et la chahada. Arabie Saoudite
73%
1918 Dans la langue locale, on le nomme le Suomen lippu ou le Siniristilippu. Inspiré par le drapeau du Danemark, son bleu symbolise les nombreux lacs et le ciel et le blanc la neige. Finlande
73%
1945 Ce drapeau est à l'origine celui du mouvement luttant pour l'indépendance. En 1976, il devient celui de l'ensemble du pays réunifié. Le rouge du fond a la signification habituelle du sang versé pour l'indépendance tandis que l'étoile qu'il porte, symbole communiste, symbolise l'union des paysans, soldats, ouvriers, intellectuels et des jeunes. Vietnam
73%
1945 Voici un des drapeaux les plus simples du monde, deux bandes égales horizontales rouge et blanche. Il est inspiré d'un ancien étendard javanais. Il ne doit pas être confondu avec un drapeau européen. Indonésie
67%
1917 Son nom dans la langue locale, trairong, signifie simplement "Tricolore". Il est composé de cinq bandes horizontales inégale, le rouge pour la nation, le blanc pour la foi et la pureté du bouddhisme et enfin le bleu pour la monarchie. Thaïlande
67%
1943 Aisément identifiable car il supporte en son centre l'arbre symbole du pays en vert, symbole d'éternité, de sainteté et de paix. Celui-ci est posé sur un fond blanc entouré de bandes rouges. Liban
60%
1945 Ses couleurs sont celles de la maison de Babenberg au XIIIe siècle. Elles viendraient de l'usage comme bannière de la chemise tachée de sang du duc Léopold V en 1191, la partie ayant été protégée par sa ceinture explique les deux couleurs rouge et blanc. Autriche
53%
1949 Drapeau aisément reconnaissable. Son fond rouge, surmonté dans l'angle de cinq étoiles jaunes représente l'unité du peuple sous la direction du parti dominant Chine
53%
1947 La majeure partie du drapeau, vert avec un croissant de lune et une étoile représente la majorité musulmane du pays, la bande blanche, les minorités. On l'appelle dans le pays le drapeau vert au croissant. Pakistan
53%
1911 Séparé verticalement en deux parties inégales verte et rouge, il porte un instrument d'astronomie représentant la terre et les armoiries du pays. Portugal
53%
1948 Bicolore, il est avant tout celui d'un mouvement politique. Ses deux bandes horizontales évoquent le talith. Il porte en son centre l'étoile de David. Israël
47%
1925 Ce drapeau est divisé en quatre parties, deux blanches, une bleu foncé et une rouge. Des étoiles le complètent sur les parties blanches, une bleue et une rouge. Le blanc représente la paix et les couleurs les partis du pays. Panama
47%
1949 Il apparait pour la 1ère fois en 1575 mais ses couleurs actuelles ont été fixées en 1949. Tricolore à bandes horizontales égales il peut être confondu avec le drapeau d'un pays proche, son bleu est cependant nettement plus foncé. Pays-Bas
47%
1948 Inspiré dans sa forme par le drapeau français lors de sa création en 1797, il a deux couleurs en commun avec celui-ci. Dans les écoles du pays on explique que le vert symbolise les collines du massif montagneux central, le blanc, la neige de celui du nord et le rouge le sang des martyrs des guerres d'indépendance. Italie
40%
1937 Le drapeau reprend la couleur de la livrée des princes de ce pays au XVIIIe siècle. On y a ajouté une couronne pour le distinguer du drapeau d'Haïti. Liechtenstein
40%
1949 A l'origine intégralement bordeaux, il a une partie blanche à la hampe depuis 1949, symbole de paix. Les neufs pointes de la ligne de séparation dentelée représentent 9 émirats. Qatar
40%
1912 Trois bandes horizontales égales forment ce drapeau, elles sont bleues et blanche. Il est frappé au centre des armes du pays qui figurent notamment des volcans surmontés d'un bonnet phrygien. Salvador
40%
1948 La large bande rouge centrale représente les traditions révolutionnaires, les bandes bleues la souveraineté et les blanches la pureté. Le tout est surmonté de l'étoile rouge, symbole communiste. Corée-du-Nord
33%
1906 Ce drapeau est inspiré du drapeau français dont il a adopté les couleurs dès 1848. On donne cependant un sens propre à celles-ci, le bleu évoquant au choix les océans qui baignent le pays, le ciel ou l'éternité, le blanc, la paix et le rouge la joie de vivre et la générosité. Costa Rica
33%
1947 Composé de trois bandes horizontales égales, il porte en son centre le chakra d'Ashoka. Localement, on l'appelle le "Tricolore". Les couleurs représentent le courage pour le safran, la paix pour le blanc et la foi pour le vert. Inde
33%
Aucun quiz correspondant
Distribution des résultats
% des personnes avec chaque résultat
Percentile par nombre de réponses
Votre historique - résultats
Vous n’avez pas pris ce quiz